Presencia de Rousseau /

में बचाया:
ग्रंथसूची विवरण
अन्य लेखक: Lévi-Strauss, Claude (autor) (autor)
स्वरूप: पुस्तक
भाषा:स्पेनिश
विषय:
टैग: टैग जोड़ें
कोई टैग नहीं, इस रिकॉर्ड को टैग करने वाले पहले व्यक्ति बनें!

MARC

LEADER 00000nam^a2200000^a^4500
001 000072515
005 20250521000000.0
009 20260310091555.701
037 |a Acervo ITESO - Biblioteca 
041 |a ESP 
082 |a 149. 93  |b PRE 
245 1 0 |a Presencia de Rousseau /  |c C. Lévi-Strauss.... [et al.]. 
264 |a Buenos Aires, Argentina :  |b Nueva Visión,  |c 1972 
300 |a 226 p. 
336 |a texto  |b txt  |2 rdacontenido 
337 |a sin mediación  |b n  |2 rdamedio 
338 |a volumen  |b nc  |2 rdasoporte 
649 |a XX 
650 |a Filosofía 
650 |a Ilustración (Filosofía) 
700 |a Lévi-Strauss, Claude  |e (autor) 
910 |a Fondo Armando Suárez Gómez 
920 |a Impresos - Libros 
930 |a Fondos Especiales 
905 |a 111 
901 |a 0700001125  |b IT2  |c ESP  |u 20250521 
902 |a https://opac.biblio.iteso.mx/vufind/Record/000072515